000 00504nam a2200157 i 4500
001 71712
003 ES-MaACL
005 20230906171215.0
007 t|
008 040817s1913 fr ||||1| fre d
100 1 _aGervais, Misaël.
_956511
245 1 3 _aLa cooperation en viticulture
_b: rapports et personnalité respective de l'individu et du groupe /
_cpar Misaël Gervais.
260 _aparís :
_b[s.n.,
_c1913] (
_ePoitiers :
_fG. Roy)
300 _a313 p. ;
_c23 cm.
852 _aES-MaACL
_jA-3683
999 _c71712
_d71712